01834nam a2200289 a 450000100100000000500170001000800410002704000250006808200200009310000400011324500440015326000360019730000210023349000270025450503010028159000260058265000290060865000310063783000320066891000420070095201330074295201330087595201330100895201970114195201910133899900150152900001013520240412074215.0091005s1987 dr 000 j spa d aDO-SdBNPbspacBNPHU aRD863.44bC764e1 aContreras, Hilma,d1913-200691487310aEntre dos silencios /cHilma Contreras. aSanto Domingo :bTaller,c1987. a129 p. ;c21 cm.1 aBiblioteca Tallerv2412 tPlenitud --tLa cabellera --tEl cumpleaños de Vitalina --tEl incendio --tCanícula --tLa espera --tArgonautas --tLa ventana --tGaletea --tUna visita --tEl entierro de Marisol --tMire, mamita --tCatador --tAhora seremos felices --tEl hombre que murió frente al mar --tSimplón. aInventariado, 2020/VM 0aCuentos dominicanos9176 0aLiteratura dominicana.967 0aBiblioteca Tallerv2419164 aValidado. Control de calidad MMPOLINA 001054708DSaGRbGRcHDd2009-11-20iLF1l0oRD863.44 C764ep10135-30r2020-06-25te. 3w2020-06-25yLFDSZPréstamo en sala 001054708DSaGRbGRcHDd2009-11-23iLF1l0oRD863.44 C764ep10135-40r2020-06-25te. 4w2020-06-25yLFDSZPréstamo en sala 001054708DSaGRbGRcHDd2011-08-30iLF1l0oRD863.44 C764ep10135-50r2020-06-25te. 5w2020-06-25yLFDSZPréstamo en sala 0010718PDaPDbPDcHDd2009-11-06iLF1l0oRD863.44 C764ep10135-20r2020-06-25te. 2w2020-06-25yLFPDzPerteneció a la biblioteca personal de Aída Cartagena Portalatín.ZNo se presta 0010718PDaPDbPDcHDd2009-10-05iLF1l0oRD863.44 C764ep10135-10r2020-06-25w2020-06-25yLFPDzPerteneció a la biblioteca personal de Aída Cartagena Portalatín.ZNo se presta c9894d9894